000 00412pab a2200169 454500
008 180718b2007 xxu||||| |||| 00| 0 eng d
100 _aRenwick, Alan
245 _aWhy did national promise a referendum on electoral reform in 1990?
260 _c2007
300 _ap.7-22.
362 _aJun
650 _aReferendum
650 _aElections
773 _aPolitical Science
908 _aN
909 _a76679
999 _c76679
_d76679